Συζητήσεις με τους γονείς
Saved in:
| Main Author: | |
|---|---|
| Other Authors: | |
| Format: | Book |
| Language: | Greek |
| Published: |
Αθήνα :
Ελληνικά Γράμματα,
1994
|
| Subjects: | |
| Tags: |
Add Tag
No Tags, Be the first to tag this record!
|
MARC
| LEADER | 00000cam a2200000 i 4500 | ||
|---|---|---|---|
| 001 | 1/58478 | ||
| 008 | 020215s1994 gre d | ||
| 020 | |a 960-344-039-6 | ||
| 035 | |l 10000338 | ||
| 040 | |a GR-MY-UA |b gre |e aacr | ||
| 041 | 0 | |a gre | |
| 082 | 0 | |a 155.4 | |
| 100 | 1 | |a Winnicott, D. W. |q (Donald Woods), |d 1896-1971. | |
| 245 | 1 | 0 | |a Συζητήσεις με τους γονείς / |c Donald W. Winnicott ; μετλαφραση Γιώργος Καλομοίρης |
| 260 | |a Αθήνα : |b Ελληνικά Γράμματα, |c 1994 | ||
| 300 | |a 156 σ. | ||
| 650 | 0 | 0 | |a Child psychology. |
| 650 | 0 | 0 | |a Child development. |
| 650 | 0 | 0 | |a Child development |x Case studies. |
| 700 | 1 | |a Καλομοίρης, Γιώργος. |4 trl | |
| 852 | |a INST |b RHODES |e 20020215 |h 155.4 WIN |p 005400016683 |q 005400016683 |t BK |y 0 | ||
| 901 | |a BIBL4-2002-1 | ||
| 909 | |a Ρ |b 085231 | ||
| 970 | |z 2002/02/15 | ||